Scrambled German Cities (Hard) - Statistics

General Stats
  • This quiz has been taken 614 times
    446 since last reset
  • The average score is 12 of 13
Answer Stats
Gemisch Stadt % Correct
Mncühen München
100%
Hamrbug Hamburg
99%
Klön Köln
99%
Dtromnud Dortmund
98%
Stgtturat Stuttgart
98%
Blrien Berlin
94%
Rtcoosk Rostock
92%
Pasasu Passau
91%
Orledbung Oldenburg
86%
Rbnuegresg Regensburg
84%
FnedfOdrtrkunreaar Frankfurt (Oder)
81%
Obnfafceh Offenbach
80%
Xaetnn Xanten
78%
No matching quizzes found
Score Distribution
Percent of People with Each Score
Percentile by Number Answered
Your Score History
You have not taken this quiz since the last reset